Statistiques concernant Top 15 des pays avec les décès de Covid-19 - 16 février 2022

Cliquez ici pour prendre le quiz!

Statistiques générales

  • Ce quiz a été pris 23 fois
  • Le résultat moyen est 13 sur 26

Statistiques - réponses

pays% Correct
Etats-Unis
100%
France
100%
Allemagne
90%
Brésil
90%
Inde
90%
Russie
90%
Italie
85%
Mexique
75%
Royaume-Uni
75%
Argentine
70%
Pologne
65%
Indonésie
60%
Colombie
55%
Pérou
50%
Iran
45%
Croatie
30%
Lituanie
25%
Hongrie
20%
Slovaquie
20%
Slovénie
20%
Tchèquie
20%
Bosnie-Herzégovine
15%
Bulgarie
15%
Roumanie
10%
Géorgie
5%
Macédoine du Nord
5%

Distribution des résultats

Percentile par nombre de réponses

% des personnes avec chaque résultat

Votre développement - résultats

Vous n’avez pas pris ce quiz